000 00431nam a2200169Ia 4500
003 GCL
008 140319s9999 xx 000 0 ara d
040 _aGCL /
_cGCL
082 0 4 _a813.03
_bس ب
100 1 _aسحر خليفة
245 1 0 _aباب الساحة /
_cسحر خليفة
300 _a223 ص
490 _aكتاب
_v0
650 0 4 _aالادب العربى
650 0 4 _aالقصص العربية
942 _2ddc
_cBK
999 _c42492
_d42492